| 000 | 00435cam a2200181ua 4500 | ||
|---|---|---|---|
| 020 | _c2.50 | ||
| 041 |
_ahin _h |
||
| 082 |
_a891.54 _bRAJ/PA |
||
| 100 | _aRajendra avasti Trishit, . | ||
| 245 |
_aPap ke pare / _cRajendra avasti Trishit. _hTextual Documents |
||
| 250 |
_a1 / _b. |
||
| 260 |
_a : _bRajpal and Sanch , _c1961. |
||
| 300 | _a147 ; . | ||
| 365 | _a2.50 | ||
| 504 | _a | ||
| 942 | _cBK | ||
| 999 |
_c3771 _d3771 |
||